Los romanos

Đã lưu trong:
Chi tiết về thư mục
Tác giả chính: Duggan, Alfred (Tác giả)
Định dạng: Sách
Ngôn ngữ:Tiếng Tây Ban Nha
Được phát hành: Ciudad de México Joaquín Mortiz 1971
Phiên bản:3a. ed
Loạt:Culturas Básicas del Mundo
Những chủ đề:
Các nhãn: Thêm thẻ
Không có thẻ, Là người đầu tiên thẻ bản ghi này!

MARC

LEADER 00000nam a2200000 a 4500
001 UCP9072
003 CL-VaPUC
008 000317e19710000MX |||||||||||||||||spa|d
082 0 4 |a 937  |b DUG  |2 21 
100 0 |a Duggan, Alfred  |e author  |9 439407 
245 1 4 |a Los romanos 
250 |a 3a. ed 
300 |a 118 p 
942 |c BK 
945 |d 20000317 00:00:00  |a rherrera 
260 |a Ciudad de México  |b Joaquín Mortiz  |c 1971 
650 0 |a Historia antigua  |9 267521 
650 7 |a ROMA  |2 CL-VaPUC  |9 317375 
650 0 |a Civilización romana  |9 438909 
650 7 |a ROMANOS  |2 CL-VaPUC  |9 389417 
650 0 |a República romana  |9 433651 
650 0 |a Imperio Romano  |9 322785 
650 0 |a Guerras púnicas  |9 318990 
583 |a last modification  |c 20000317 00:00:00  |k Rodrigo Vera 
490 0 |a Culturas Básicas del Mundo 
999 |c 285923  |d 285921 
952 |0 0  |1 0  |4 0  |6 937_000000000000000_DUG_1971  |7 0  |8 A  |9 330788  |a BIBHIS  |b BIBHIS  |d 2019-11-20  |i 1395572  |o 937 DUG 1971  |p 1395572  |r 2025-01-20  |w 2019-11-20  |y BK  |k HIS